Statistics for Meant To Be - Bebe Rexha and Florida Georgia Line Lyrics

Click here to take the quiz!

General Stats

  • This quiz has been taken 264 times
  • The average score is 294 of 359

Answer Stats

Answer% Correct
to
98%
a
98%
I
98%
be
96%
mean
96%
me
96%
Baby
93%
it
93%
meant
92%
you
91%
go
89%
on
89%
If
88%
if
88%
it's
87%
and
86%
And
86%
let
85%
your
85%
my
84%
up
83%
do
83%
We
83%
we
83%
just
82%
this
80%
it'll
79%
so
79%
So
79%
where
79%
right
79%
don't
78%
with
77%
ride
76%
No
76%
lay
76%
pretty
75%
But
75%
time
75%
but
75%
know
75%
See
74%
see
74%
feet
74%
relax
73%
Who
73%
here
73%
need
72%
dash
72%
the
71%
back
71%
you're
70%
couple
70%
is
70%
gonna
67%
thing
67%
goes
67%
guys
66%
fast
66%
times
65%
treat
65%
didn't
65%
been
65%
at
64%
nowhere
64%
uptight
64%
By
64%
won't
63%
enjoy
63%
knows
63%
love
63%
I'm
63%
hurt
63%
heart's
63%
As
62%
lie
62%
Let's
62%
as
62%
of
62%
road
60%
will
60%
got
60%
ain't
60%
that
60%
supposed
59%
Kick
59%
lead
59%
long
59%
come
59%
Cause
59%
tired
58%
fake
58%
next
58%
nothing
57%
alright
56%
show
55%
what
55%
girl
53%
make
53%
everything's
53%
Boy
52%
beautiful
51%
made
51%
Maybe
51%
believe
50%
hold
49%
easy
47%

Score Distribution

Percentile by Number Answered

Percent of People with Each Score

Your Score History

You have not taken this quiz